| 000 | 00438cam a2200181ua 4500 | ||
|---|---|---|---|
| 020 | _c5.00 | ||
| 041 |
_aeng _h |
||
| 082 |
_a581 _bCHA/PR |
||
| 100 | _aChandrasekharan, S N . | ||
| 245 |
_aPre professional botany / _cS N Chandrasekharan. _hTextual Documents |
||
| 250 |
_a1 / _b. |
||
| 260 |
_aChennai : _bS.Viswanathan , _c1959. |
||
| 300 | _a178 ; . | ||
| 365 | _a5.00 | ||
| 504 | _a | ||
| 942 | _cBK | ||
| 999 |
_c9819 _d9819 |
||